IL MESSAGGIO DEL CUORE DI GESÙ. N. VII. APRILE 1980. (Record n. 320223)
[ formato base ]
| 000 -LEADER | |
|---|---|
| fixed length control field | 01552nas a2200277Ia 4500 |
| 001 - CONTROL NUMBER | |
| control field | R232-R2148 |
| 003 - CONTROL NUMBER IDENTIFIER | |
| control field | IT-CnALBA |
| 008 - FIXED-LENGTH DATA ELEMENTS--GENERAL INFORMATION | |
| fixed length control field | 170116c99999999xx |||||||||||| ||und|| |
| 040 ## - CATALOGING SOURCE | |
| Original cataloging agency | IT-CnALBA |
| Transcribing agency | IT-CnALBA |
| 041 ## - LANGUAGE CODE | |
| Language code of text/sound track or separate title | ITALIANO |
| 999 ## - SYSTEM CONTROL NUMBERS (KOHA) | |
| Koha Dewey Subclass [OBSOLETE] | NO |
| 100 ## - MAIN ENTRY--PERSONAL NAME | |
| Personal name | BETTAN P. GIORGIO, SJ. |
| 210 ## - ABBREVIATED TITLE | |
| Abbreviated title | IL MESSAGGIO DEL CUORE DI GESÙ |
| 222 ## - KEY TITLE | |
| Key title | IL MESSAGGIO DEL CUORE DI GESÙ |
| 245 #0 - TITLE STATEMENT | |
| Title | IL MESSAGGIO DEL CUORE DI GESÙ. N. VII. APRILE 1980. |
| Remainder of title | ORGANO UFFICIALE DELL'APOSTOLATO DELLA PREGHIERA |
| 250 ## - EDITION STATEMENT | |
| Edition statement | 1a ed. |
| 260 ## - PUBLICATION, DISTRIBUTION, ETC. (IMPRINT) | |
| Place of publication, distribution, etc. | ROMA |
| Name of publisher, distributor, etc. | MESSAGGERO DEL SACRO CUORE |
| Date of publication, distribution, etc. | 1980 |
| 300 ## - PHYSICAL DESCRIPTION | |
| Extent | 64 p. |
| 310 ## - CURRENT PUBLICATION FREQUENCY | |
| Current publication frequency | QUINDICINALE |
| 362 ## - DATES OF PUBLICATION AND/OR SEQUENTIAL DESIGNATION | |
| Dates of publication and/or sequential designation | Fascicolo: 7 / (1980) |
| 500 ## - GENERAL NOTE | |
| General note | INTENZIONI DEL PAPA. NUOVO IMPULSO ALLA MISSIONE DELLA CHIESA. DIFFICOLTÀ PER LA CHIESA AFRICANA. VALORE DELLA FIGURA DEL PRETE. CULTO AL CUORE DI GESÙ. MESSE VOTIVE DEL CUORE DI GESÙ. PAROLA DI VITA, COMMENTO ALLE LETTURE DEL TEMPO FESTIVO. ADORAZIONE, CORPO E SANGUE DI CRISTO. VITA DEI GRUPPI. DE LA PEZA E. BELLUCCI G. GRASSO D. |
| 501 ## - WITH NOTE | |
| With note | Società San Paolo EM - Piazza San Paolo, 14 - 12051 ALBA (CN) (non commercial uses only) ® Copyright 2017 |
| 520 ## - SUMMARY, ETC. | |
| Summary, etc. | INTENZIONI DEL PAPA. NUOVO IMPULSO ALLA MISSIONE DELLA CHIESA. DIFFICOLTÀ PER LA CHIESA AFRICANA. VALORE DELLA FIGURA DEL PRETE. CULTO AL CUORE DI GESÙ. MESSE VOTIVE DEL CUORE DI GESÙ. PAROLA DI VITA, COMMENTO ALLE LETTURE DEL TEMPO FESTIVO. ADORAZIONE, CORPO E SANGUE DI CRISTO. VITA DEI GRUPPI. DE LA PEZA E. BELLUCCI G. GRASSO D. |
| 650 ## - SUBJECT ADDED ENTRY--TOPICAL TERM | |
| Topical term or geographic name as entry element | VITA E MISTERO DI CRISTO |
| 942 ## - ADDED ENTRY ELEMENTS (KOHA) | |
| Koha item type | RIVISTA |
| 957 ## - | |
| -- | 1 |
| 999 ## - SYSTEM CONTROL NUMBERS (KOHA) | |
| -- | 1 |
| Withdrawn status | Lost status | Damaged status | Not for loan | Home library | Current library | Date acquired | Total Checkouts | Full call number | Date last seen | Price effective from | Koha item type | Public note |
|---|---|---|---|---|---|---|---|---|---|---|---|---|
| Buone Condizioni | Not For Loan | ALBA - Biblioteca | ALBA - Biblioteca | 16/01/2017 | R232-R2148 | 16/01/2017 | 16/01/2017 | RIVISTA | (data import: 16 gennaio 2017) - By Epidotti, Vaglietti. |